Cromwell: roman

Saved in:
書目詳細資料
主要作者: Jelusich, Mirko (Author)
格式: 圖書
語言:德语
出版: Viena F. G. Speidel 1933
版:1a. ed
主題:
標簽: 添加標簽
沒有標簽, 成為第一個標記此記錄!

MARC

LEADER 00000cam a2200000 a 4500
001 UCD3927
003 CL-VaPUC
008 160623e19330000au |||||||||||||||||ger|d
082 0 4 |a 923.2  |b JEL  |2 21 
100 0 |a Jelusich, Mirko  |e author  |9 587565 
245 1 0 |a Cromwell: roman 
250 |a 1a. ed 
300 |a 489 p 
942 |c BK 
945 |d 20160623 20:47:00  |a dcastane 
260 |a Viena  |b F. G. Speidel  |c 1933 
600 0 7 |a CROMWELL, OLIVER  |2 CL-VaPUC  |9 377957 
650 0 |a Biografías  |9 255210 
650 0 |a Políticos   |9 256302 
650 7 |a REVOLUCION DE INGLATERRA  |2 CL-VaPUC  |9 438180 
583 |a last modification  |c 20160623 20:47:00  |k Rodrigo Vera 
999 |c 364941  |d 364939 
952 |0 0  |1 0  |3 erd  |4 0  |6 923_200000000000000_JEL_1933  |7 0  |8 A  |9 478571  |a FDOHBE  |b FDOHBE  |e Huesbe Llanos, Marco Antonio, 1934-  |i 5308704  |o 923.2 JEL 1933  |p 5308704  |r 2024-01-30  |w 2019-11-24  |y BK  |z Catalogado en:20160623  |k HBE